000 00498nam a22001932 4500
001 0000006201
005 20170406121318.0
008 160129s xx 000 0 eng d
020 _c$
040 _aYour Holding Symbol
_cYour Holding Symbol
100 1 _aMcfee William.
245 1 2 _aA Conrad arosy.
250 _a ed.
260 _aNew york :
_bGarden city,
_c1942.
300 _a713 p. :
_bill ;
_c cm.
504 _aindex.
650 0 _aliterature.
908 _a160129
999 _c5953
_d5953